| 000 | 00933nac a22003017a 4500 | ||
|---|---|---|---|
| 001 | BR8302130 | ||
| 003 | BR-BrBNA | ||
| 005 | 20240105115709.0 | ||
| 008 | 230509b bl.|||m| |||| 00| 0 por d | ||
| 040 |
_aBR-BrBNA _bpor _cBiblioteca Nacional de Agricultura |
||
| 072 | _aF25 | ||
| 090 | _a0336 BR8302130 | ||
| 100 | 1 | _aBen, J.R. | |
| 100 | 1 | _aAmbrosi, I. | |
| 100 | 1 | _aVieira, S.A. | |
| 110 | 1 | _aCentro Nacional de Pesquisa de Trigo, Passo Fundo, RS (Brasil) | |
| 245 | 1 | _aAplicacao de calcario na linha de semeadura para cultura da soja [Glycine max] | |
| 260 | 3 |
_aPasso Fundo, RS (Brasil): _c1983. |
|
| 300 | _a12 p. | ||
| 490 |
_aCircular Tecnica - Centro Nacional de Pesquisa de Trigo (Brazil) _vno. 1 _xISSN 0100-8625 |
||
| 500 | _a7 tables | ||
| 650 | _aSOJA | ||
| 650 | _aCALCARIO | ||
| 650 | _aCALAGEM | ||
| 650 | _aSEMEADURA | ||
| 909 |
_a202312 _bLúcia Elande _c55 _dLúcia Elande |
||
| 942 |
_2AGRIS _n0 _cMS |
||
| 999 |
_c275960 _d275960 |
||